| 000 | 00552nam a22001937a 4500 | ||
|---|---|---|---|
| 003 | CEME | ||
| 005 | 20210628205500.0 | ||
| 008 | 210305b xxu||||| |||| 00| 0 eng d | ||
| 020 | _a0-7167-2179-1 | ||
| 040 | _c. | ||
| 082 | _a54 MCQ'G | ||
| 100 |
_aMcquarrie, Carole.H Rock, Peter.A Mcquarrie, Donald.A _975749 |
||
| 245 | _aGeneral chemistrystudy guide solutions manual to accompany | ||
| 250 | _a3RD | ||
| 260 |
_aNEWYORK _bW. H. FREEMAN _c1991 |
||
| 300 | _a630P | ||
| 650 |
_aCHEMISTRY-STUDY GUIDE,SOLUTION MANUAL _975750 |
||
| 942 |
_cBK _2ddc |
||
| 999 |
_c581141 _d581141 |
||